[Event "Tel Aviv ASA"]
[Site "Tel Aviv"]
[Date "1995.??.??"]
[Round "8"]
[White "Gofshtein, Leonid D"]
[Black "Har Zvi, Ronen"]
[Result "1-0"]
[WhiteElo "2465"]
[BlackElo "2500"]
[Annotator "King,D"]
[PlyCount "53"]
[EventDate "1995.??.??"]
[EventType "tourn"]
[EventRounds "9"]
[EventCountry "ISR"]
[EventCategory "10"]
[SourceTitle "CBM 050"]
[Source "ChessBase"]
[SourceDate "1996.02.01"]
[SourceVersion "1"]
[SourceVersionDate "1996.02.01"]
[SourceQuality "1"]

{Don't imagine that the Sicilian pawn structure gives one a licence to do
anything in the opening. The next two examples show what can happen in
positions which are still open.} 1. e4 c5 2. Nf3 d6 3. d4 cxd4 4. Nxd4 Nf6 5.
Nc3 a6 6. Be3 e6 7. Be2 b5 {This is premature.} 8. Bf3 b4 (8... e5 9. Nf5) 9.
e5 dxe5 10. Nb3 Qc7 11. Bxa8 bxc3 12. bxc3 Nc6 13. Qf3 Bd7 14. O-O Qc8 15. Bxc6
Bxc6 16. Qg3 Qc7 {Black has some compensation for the exchange, but because
White was ahead in development, he has been pre-occupied with just holding his
position together, with the result that the king is still in the middle of the
board.} 17. f3 Nd5 18. Bd2 Bb5 19. Rfe1 f6 20. f4 $1 {White keeps the position
fluid and attacks Black with great energy.} exf4 21. Qf3 Kf7 22. Kh1 Bd6 23.
Rxe6 Be5 24. Nd4 Rd8 25. Qh5+ Kg8 26. Nxb5 Qd7 27. Rd6 1-0

[Event "RUS-ch"]
[Site "Elista"]
[Date "1995.??.??"]
[Round "9"]
[White "Geller, Efim P"]
[Black "Rublevsky, Sergei"]
[Result "0-1"]
[WhiteElo "2465"]
[BlackElo "2595"]
[Annotator "King,D"]
[PlyCount "102"]
[EventDate "1995.10.??"]
[EventType "swiss"]
[EventRounds "11"]
[EventCountry "RUS"]
[SourceTitle "CBM 050"]
[Source "ChessBase"]
[SourceDate "1996.02.01"]
[SourceVersion "1"]
[SourceVersionDate "1996.02.01"]
[SourceQuality "1"]

1. e4 c5 2. Nf3 e6 3. Nc3 a6 4. d4 cxd4 5. Nxd4 Qc7 6. Be2 Nf6 7. O-O d6 8. f4
Be7 9. Qe1 Nbd7 10. Bf3 h6 {This is the first sign that something strange is
going on. This little pawn move is enough to discourage Geller from his queen
manoeuvre.} 11. Kh1 {A waiting move, more than anything else. White wants to
see what Black is up to.} Rg8 {And there it is. Rublevsky feels that his king
is safe enough in the centre of the board behind a shell of three pawns and
several minor pieces, and prepares to seize the initiative by challenging
White's pawn} 12. Qd1 $5 g5 {Strategically, the push of the g-pawn is sound.
If White captures on g5, 13 fxg5 hxg5, then Black has gained control of the e5
square for the knight and has an excellent position.} 13. f5 e5 14. Ne6 $6 (14.
Nb3 b5 {Black would have good play on the queenside and the centre. The king
is safe in the centre as the central pawn structure is closed. We will see
plenty more examples of a locked central pawn structure giving a king
protection.}) 14... fxe6 {The sacrifice is unsound.} 15. Bh5+ Nxh5 16. Qxh5+
Kd8 17. fxe6 Nf6 18. Qf7 Rf8 19. Rxf6 Rxf7 20. exf7 Bf8 21. Nd5 Qxc2 22. Be3
Bh3 23. Rf2 Qd3 24. Rd2 Bxg2+ 25. Kg1 Qxe4 $1 {Black is not precious about his
material advantage, and transposes into a winning endgame.} 26. Bb6+ Kd7 27.
Nf6+ Ke6 28. Nxe4 Bxe4 29. Re2 Bf3 30. Rc2 Be7 31. Rf1 g4 32. Kf2 Rf8 33. Kg3
h5 34. h3 Rxf7 35. Re1 Bd5 36. Re3 Bf8 37. Bd8 Bg7 38. Rc7 Rxc7 39. Bxc7 Bxa2
40. Rd3 Bd5 41. Bd8 Bf3 42. Rd2 d5 43. Rc2 e4 44. Bc7 d4 45. Rc5 e3 46. Bf4 Bd5
47. Rc8 Bc6 48. Rg8 Bf6 49. Rf8 Be5 50. Bxe5 Kxe5 51. Rh8 d3 {The idea of
playing ...g5 in the Sicilian defence for Black is hardly a new idea, though
to play it so early on in the game is daring. It is more commonly seen in the
Najdorf variation when White plays 6 Bg5.} 0-1

[Event "Prerov Friendship GM"]
[Site "Prerov"]
[Date "2001.12.06"]
[Round "3"]
[White "Antoniewski, Rafal"]
[Black "Kalod, Radek"]
[Result "1-0"]
[WhiteElo "2446"]
[BlackElo "2479"]
[Annotator "Konikowski,J"]
[PlyCount "99"]
[EventDate "2001.12.04"]
[EventType "tourn"]
[EventRounds "11"]
[EventCountry "CZE"]
[EventCategory "9"]
[SourceTitle "CBM 087"]
[Source "ChessBase"]
[SourceDate "2002.03.21"]
[SourceVersion "1"]
[SourceVersionDate "2002.03.21"]
[SourceQuality "1"]

1. e4 c5 2. Nf3 d6 3. d4 cxd4 4. Nxd4 Nf6 5. Nc3 a6 6. Be2 e6 7. Be3 Qc7 8. a3
b5 9. Qd2 Nbd7 10. f3 (10. O-O Bb7 11. f3 Be7 12. Rad1 d5 13. exd5 Nxd5 14.
Nxd5 Bxd5 15. f4 Nf6 16. Bf3 Rd8 17. Qf2 O-O 18. f5 e5 19. Nxb5 axb5 20. Bb6
Qc6 21. Bxd8 Bc5 {0-1 Zomer,A-Van Assendelft,F/Hengelo 2001/}) 10... Ne5 (10...
h5 11. O-O Bb7 12. Rad1 Be7 13. Bg5 O-O 14. Kh1 Rfe8 15. Bd3 d5 16. exd5 Nxd5
17. Bxe7 Rxe7 18. Qg5 Qe5 19. Qh4 Qf6 20. Qxf6 N7xf6 21. Nxd5 Nxd5 22. Rfe1 Nb6
23. c3 Bd5 24. Kg1 g6 $13 {Shirov,A-Van Wely,L/Amsterdam 1995/}) (10... Bb7 11.
g4 h6 12. O-O-O d5 13. exd5 Nxd5 14. Nxd5 Bxd5 15. Rhe1 Qb7 16. Kb1 Nb6 17. Nf5
O-O-O 18. Qc3+ Kb8 19. Qa5 exf5 20. Bxb6 Rd7 21. c4 Bc6 22. cxb5 axb5 23. Rxd7
Bxd7 24. Bxb5 fxg4 25. Bxd7 Qxd7 26. Re8+ {1-0 Antoniewski,R-Kempinski,R/Zagan
1997/}) 11. g4 h6 $146 {[%mdl 8]} (11... Rb8 12. g5 Nfd7 13. O-O Nc4 14. Bxc4
Qxc4 15. f4 Rb7 16. Rae1 Be7 17. b3 Qc7 18. Re2 Nb8 19. f5 Qa5 20. Qd3 Qxa3 21.
g6 hxg6 22. fxe6 Bf6 23. Nd5 Be5 24. exf7+ Rxf7 25. Rxf7 Kxf7 26. Rf2+ Kg8 27.
Ne7+ Kh7 28. Nf3 Bf6 29. Nxg6 Kxg6 30. e5+ Bf5 31. Rg2+ Kf7 32. Qxf5 {1-0
Lanka,Z-Enders,P/Germany 1995/}) 12. h4 Bd7 13. Rg1 {[%cal Yg4g5]} g6 14. g5
hxg5 15. hxg5 Nh5 16. b3 Rc8 17. Nd1 Bg7 18. c3 Kf8 19. Rc1 (19. a4 $5) 19...
d5 20. f4 Nc6 21. e5 Nxe5 $2 {[%mdl 16384]} (21... Kg8 $142 $5) 22. fxe5 Bxe5
23. Rh1 Bg7 24. Bxh5 Rxh5 25. Rxh5 gxh5 26. Qf2 Kg8 27. Nb2 (27. Ne2 $142 $5
Qa5 28. Ng3 Qxa3 (28... Bxc3+ 29. Rxc3 Rxc3 30. Bd2 $18) 29. Nxh5 d4 30. Nf6+
Kf8 (30... Bxf6 31. gxf6 Kf8 32. Qh4 Ke8 33. Ra1 Qf8 34. Qxd4 $18) 31. Bxd4
Bxf6 (31... Qxc1 32. Bc5+ Rxc5 33. Qxc5#) 32. Qxf6 Ke8 (32... Qxc1 33. g6 Be8
34. g7+ Kg8 35. Qh4 $18) 33. Rc2 $18) 27... Qa5 28. b4 Qxa3 29. Qd2 e5 30. Ne2
Bf5 31. Nd3 a5 32. bxa5 Qxa5 33. Nb4 Be6 34. Nxd5 Rd8 $2 (34... Qd8 $142) 35.
Bb6 $18 Qxb6 36. Nxb6 Rxd2 37. Kxd2 f5 38. Rh1 Kf7 39. Rxh5 Kg6 40. Rh1 Kxg5
41. Rb1 f4 42. Rxb5 Kg4 43. Rb1 Bh6 44. Rg1+ Kf5 45. Ke1 Bf8 46. Ng3+ fxg3 47.
Rf1+ Ke4 (47... Kg4 48. Rxf8 Kh3 49. Re8 $18) 48. Rxf8 Ke3 49. Kf1 Bh3+ 50. Kg1
1-0

[Event "Linares 18th"]
[Site "Linares"]
[Date "2001.02.25"]
[Round "3"]
[White "Shirov, Alexei"]
[Black "Kasparov, Garry"]
[Result "1/2-1/2"]
[WhiteElo "2718"]
[BlackElo "2849"]
[Annotator "Kostakiev,D"]
[PlyCount "95"]
[EventDate "2001.02.23"]
[EventType "tourn"]
[EventRounds "10"]
[EventCountry "ESP"]
[EventCategory "19"]
[SourceTitle "CBM 082"]
[Source "ChessBase"]
[SourceDate "2001.05.17"]
[SourceVersion "1"]
[SourceVersionDate "2001.05.17"]
[SourceQuality "1"]

{Do you remember the clasic game Alekhine - Botvinik where the P's army e4,f4,
g4 was put forward in an early attack? Here we shall see somthing simmilar
against a7-a6 instead of g7-g6.} 1. e4 {Alekhine,A-Botvinnik,M Nottingham 1936
1/2} c5 2. Nf3 d6 3. d4 cxd4 4. Nxd4 Nf6 5. Nc3 a6 6. Be2 e6 7. f4 Be7 8. Be3
O-O 9. g4 {According to "MEGA-2001" - 9.g4 was used in 1982 twice by Nielsen,T.
So far this move had very small adherence. The last one before this game was
Lanka 1987. The statistic is more favorable for Black} d5 {(!) "Counter P,s
blow in center to the side P's attack" said the old masters. Here is concerned
one typical middle game problem: "When in the opening we could (or should)
move twice with a pawn or piece without breaking the principles for fast
mobilization.} (9... Nc6 10. g5 Nd7 {.../43/. 0-1 Nielsen,T-Yrjola,J/Luzern
1982/EXT 97-B (26)}) 10. e5 Ne4 ({The pressure over Pe4 who took place in the
text, can be escaped by:} 10... Nfd7 $5 11. g5 $140 Nc6 12. Nxc6 bxc6 13. Qd3
c5 14. Bf2 Rb8 $15) 11. Nxe4 dxe4 12. g5 (12. O-O Qc7 13. c3 b5 {0-1 Nielsen,
T-Houshan,B/Luzern 1982/EXT 97-B (69)}) 12... Qb6 $146 {[#]} (12... Qc7 13. Qd2
b5 (13... Rd8 14. O-O-O Nc6 15. Kb1 b5 {1/2-1/2 Lanka,Z-Van Wely,L/Pula 1997/
CBM 57 ext (17)}) 14. O-O-O Bb7 15. Kb1 {1/2-1/2 Ghinda,M-Sokolov,A/Luzern
1985/MCD (21)}) (12... f6 13. gxf6 gxf6 14. Bc4 Kh8 (14... fxe5 15. Nxe6 Bh4+
16. Ke2 Bxe6 17. Bxe6+ Kh8 18. Qxd8 Rxd8 $18) 15. Nxe6 Bxe6 16. Qxd8 Bxd8 17.
Bxe6 fxe5 18. fxe5 Nc6 19. Bd5 Nxe5 20. O-O-O $16) 13. Nf5 (13. Rb1 $5) 13...
Qa5+ 14. Bd2 Qc5 (14... Qc7) 15. Nxe7+ Qxe7 16. c3 b5 (16... Nc6 17. Qa4 {/\Xe4
}) 17. Be3 (17. Qc2) 17... Rd8 18. Qc2 Bb7 19. Kf2 (19. O-O $142 Nd7 20. Rad1)
(19. a4 $5) 19... Nd7 (19... h6) 20. b4 Nf8 21. h4 Qc7 22. h5 Nd7 23. h6 g6 24.
a4 Nb6 25. axb5 axb5 26. Kg3 Nc4 27. Rxa8 Rxa8 28. Bxc4 Qxc4 29. Rd1 Bd5 30.
Rd4 Qf1 31. Qd1 Ra1 32. Qxf1 Rxf1 33. Kg4 Rf3 34. Bg1 Rxc3 35. Rd2 Kf8 36. Bc5+
Ke8 37. Re2 Rc1 38. Kg3 Kd7 39. Kf2 Kc6 40. Be3 Rb1 41. Bc5 Rc1 42. Bd6 Rh1 43.
Re3 Rh2+ 44. Kg3 Rc2 45. Bf8 Ra2 46. Bc5 Ra1 47. Kf2 Rc1 48. Bd6 {Conclusion:
shall be prematurate to say that early g2-g4 is much more logic and promissing
whene used against g7-g6. inspite of the facts that It is proved by the
misleading number of partisans and statistic.} 1/2-1/2

[Event "Poikovsky Karpov 11th"]
[Site "Poikovsky"]
[Date "2010.06.05"]
[Round "4"]
[White "Rublevsky, Sergei"]
[Black "Sutovsky, Emil"]
[Result "1/2-1/2"]
[WhiteElo "2704"]
[BlackElo "2661"]
[Annotator "Kritz,L"]
[PlyCount "169"]
[EventDate "2010.06.02"]
[EventType "tourn"]
[EventRounds "11"]
[EventCountry "RUS"]
[EventCategory "18"]
[SourceTitle "CBM 137"]
[Source "ChessBase"]
[SourceDate "2010.07.15"]
[SourceVersion "1"]
[SourceVersionDate "2010.07.15"]
[SourceQuality "1"]

1. e4 c5 2. Nf3 d6 3. d4 cxd4 4. Nxd4 Nf6 5. Nc3 a6 {Najdorf ist die
populärste Variante heute - sie bietet beiden Seiten gute Chancen, viele
interessante Stellungen, und verspricht ein interessantes Spiel.} 6. Be2 ({
In letzter Zeit gewann die ehemalige Hauptvariante wieder an Popularität:} 6.
Bg5 e6 7. f4 Nbd7 (7... Qb6 8. Qd2 Qxb2 9. Rb1 Qa3 10. e5 $44) 8. Qf3 $132) ({
Ein andere sehr populäre Fortsetzung ist} 6. Be3 e5 7. Nb3 $132 {mit
zahlreichen interessanten Stellungen.}) 6... e6 7. f4 Be7 8. O-O {Nach einer
Zugumstellung geht die Partie in die Scheveninger Variante über.} Nc6 {Ein
sicherlich spielbarer, aber doch seltener Zug. Normalerweise entwickelt man
den Springer nach c6, nachdem Weiß a4 gespielt und das Feld b4 geschwächt hat.}
(8... O-O 9. Be3 Qc7 10. g4 Re8 11. g5 Nfd7 12. Bd3 Nc6 13. Qh5 $40 {Kasparov
- Anand (Moscow, 1996)}) (8... Qc7 9. a4 O-O 10. Kh1 Nc6 11. Be3 Bd7 12. Nb3 b6
13. Bf3 Bc8 14. g4 Rb8 15. g5 Nd7 16. Bg2 Re8 17. Qh5 g6 18. Qh4 b5 $132 {
Salov - Gelfand (Wijk aan Zee, 1998)}) 9. Nxc6 $5 {Gegen Sutovsky genau die
richtige Spielweise - Figuren abtauschen und in ein etwas angenehmeres
Endspiel gehen.} (9. Be3 {führt zu den Hauptvarianten.} O-O 10. Qe1 Nxd4 11.
Bxd4 b5 12. a3 Bb7 13. Qg3 $132) 9... bxc6 10. e5 dxe5 11. fxe5 Qxd1 (11... Nd5
12. Ne4 {/\c4} Qc7 13. Qd4 c5 14. Qf2 (14. Nd6+ $2 Qxd6 15. exd6 cxd4 16. dxe7
Kxe7 $15) 14... O-O 15. Qg3 $16) (11... Nd7 12. Bf4 Qa5 13. Ne4 O-O 14. Qd4 Bd8
15. Kh1 Bb6 16. Qd6 Ra7 {Libiszewski - Kovalyov (Cappelle la Grande, 2010)} (
16... Bc7 17. Qxc6 Ra7 18. Rad1 $16) 17. Nd2 $16 {/\Nc4}) 12. Rxd1 Nd7 (12...
Nd5 13. Ne4 $16 {Es ist eine typische Stellung entstanden, in der alle
schwarzen Figuren schlecht sind. Es droht c4-Nd6}) 13. Bf4 Rb8 14. b3 Nc5 $1 {
Schwarz will es dem weißen Springer nicht erlauben, nach e4 zu kommen.} 15. Bf3
O-O $5 {Schwarz will den Bauern c6 geben, um seinen weißfeldrigen Läufer zu
tauschen und eine gewisse Kompensation zu entwickeln.} (15... Bb7 16. Rd2 Rd8
17. Rad1 $16 {Schwarz steht zu passiv und hat überhaupt kein Spiel.}) 16. Rd2
$5 (16. Bxc6 {Sicherlich kann man den Bauern nehmen, doch man muss zugeben,
dass das schwarze Spiel danach ziemlich einfach ist:} Bb7 17. Bxb7 Rxb7 18. Ne2
Rc8 19. c4 a5 $1 {Schwarz macht dem Weißen das Leben schwer.} 20. Nd4 a4 21.
Rab1 g5 $1 {Es gibt zwei Schwächen im Lager von Weiß - b3 und e5.} 22. Bg3 {
Der Läufer muss nach g3, weil sonst der Bauer e5 ohne Deckung bleibt.} axb3 23.
axb3 Rd8 $44) 16... Rb4 17. Bg3 a5 18. Re1 {Wir haben wieder das gleiche Bild,
wenn Weiß den Bauern c6 nimmt.} (18. Bxc6 Bb7 19. Bxb7 Rxb7 20. Rad1 Rc8 $44)
18... Rb7 19. Ne4 {Jetzt was das Nehmen auf c6 einfach schlecht.} (19. Bxc6 $2
Rc7 20. Bf3 Nxb3 21. cxb3 Rxc3 $11) 19... Nxe4 20. Rxe4 c5 {Schwarz hat zwar
keinen materiellen Nachteil, doch seine Bauern sind immer noch sehr anfällig.
Dazu wurde der schwarzfeldriger Läufer stumpf.} 21. Ra4 Ra7 22. Bc6 $1 {
Weiß dominiert am Damenflügel.} ({Nichts würde der Läufertausch bringen:} 22.
Bh4 $2 Bxh4 23. Rxh4 Bd7 24. Kf2 Rb8 $11 {Schwarz spielt h6-Kf8-Ke7 und hat
keine Schwierigkeiten.}) 22... Rd8 23. Be1 Rxd2 24. Bxd2 Bd8 25. Be3 Bb6 {
Der Läufer b6 sieht fast wie ein Bauer aus.} 26. c3 {Die Idee ist es, b4 zu
spielen und die Fesselung des c5-Bauern auszunutzen.} Bb7 27. Bxb7 Rxb7 {
Also diese Stellung muss doch für Weiß gewonnen sein!} 28. Kf2 Kf8 29. Ke2 Ke8
30. Rc4 $1 {Ein richtiger Zwischenzug - der schwarze Turm steht auf c7 seinem
Läufer im Wege, falls der Letztere später mal nach c7 oder d8 ziehen möchte.}
Rc7 31. Rh4 (31. Rg4 g6 32. Kd3 $5 Kd7 $1 {Passive Verteidigung ist hier die
beste Spielweise.} (32... Rd7+ 33. Kc4 Rd5 34. Re4 Bc7 35. Bf4 Kd7 36. Kb5 Rd3
37. c4 Rd4 38. Rxd4+ cxd4 39. Kc5 g5 $1 $13) 33. Kc4 Kc6 34. Rf4 Rd7 35. Rf3 h5
$14 {Weiß steht zwar besser, kann aber wahrscheinlich nicht durchkommen.})
31... h6 32. Rg4 g5 $1 {Die beste Chance für Schwarz.} (32... Kf8 $2 {Verliert
einfach:} 33. Kd3 Rd7+ 34. Kc4 Rd5 35. Kb5 Bc7 36. c4 Rxe5 37. Bf4 Re4 38. Bd6+
$18) 33. h4 gxh4 34. Rxh4 Kd7 35. Bxh6 Kc6 36. Bg5 Kd5 37. c4+ Kc6 38. Rh8 $6 {
Vermutlich macht dieser Zug den Gewinn sehr schwer. Ich denke, es wäre besser,
a4 zu spielen, um Schwarz eine weitere Schwäche, a5, zu fixieren.} (38. a4 $5
Rd7 39. Rh7 Bc7 40. Bf4 Kb6 41. g4 Kc6 42. g5 Bd8 43. Ke3 $16 {/\ Rg7-g6 und
dann die Bauern e6 und a5 angreifen.}) 38... a4 $1 {Nun wird's ganz schwer.
Schwarz bekommt auch noch die a-Linie fürs Gegenspiel.} 39. Rd8 axb3 40. Rd6+
Kb7 41. axb3 Rc8 42. Rd7+ Kc6 43. Rd6+ $2 (43. Rxf7 $1 {würde bessere Chancen
bieten.} Rg8 44. Bf6 (44. Be3 Rxg2+ 45. Kf3 Rb2 46. Re7 Rxb3 47. Rxe6+ $16)
44... Rxg2+ 45. Kf3 Rb2 46. Re7 Rxb3+ 47. Ke2 Rb2+ 48. Kd3 Rb3+ 49. Kc2 Re3 50.
Rxe6+ Kb7 (50... Kc7 51. Rd6 Kb7 52. Rd5 $16) 51. Re8 $16 {Weiß hat doch gute
Gewinnchancen.}) 43... Kc7 44. Bf6 Ra8 {Jetzt kommen die schwarzen Figuren
raus.} 45. g4 Ba5 46. Rd3 Bb4 47. g5 Ra2+ 48. Ke3 Rb2 {Schwarz hat sicherlich
das Maximum erreicht.} 49. Be7 (49. Kf4 Rf2+ 50. Kg4 Rg2+ 51. Kh5 Rh2+ 52. Kg4
Rg2+ 53. Kf3 Rb2 {Man kann die 3. Reihe nicht verlassen.}) 49... Kc6 50. Kf4
Rd2 51. Rf3 (51. Rxd2 Bxd2+ 52. Kg4 Be3 53. Kh5 Kd7 54. Bd6 Bd4 55. g6 fxg6+
56. Kxg6 Bf2 57. Kf7 Bd4 $11 {Diese Stellung ist remis.}) 51... Kd7 52. Bf6
Rd4+ 53. Ke3 Bd2+ 54. Ke2 Bf4 55. Rh3 Re4+ 56. Kd3 Rd4+ 57. Kc2 Rd2+ 58. Kc3
Rh2 59. Rd3+ Kc6 60. Rf3 $2 {Weiß hat seit längerer Zeit keinen richtigen Plan
finden können, jetzt stellt er noch den Bauern ein.} (60. Rd8 Rh3+ 61. Kc2 Rh2+
62. Kd3 Rd2+ 63. Ke4 Rxd8 64. Bxd8 $11 {und wieder landet man in einem
remislichen Läuferendspiel, aber zumindest kann man hier noch was versuchen.})
60... Bd2+ 61. Kd3 Rg2 62. Be7 $2 {Ein Fehler kommt nach dem anderen.} (62. Bh8
Bxg5 63. Rxf7 Rg3+ 64. Kc2 Rg2+ 65. Kd1 Rg3 $11) 62... Bxg5 63. Rxf7 $2 {
Unglaublich! Was immer die Ursache war, Zeit oder Emotionen, aber nun muss
Weiß ums Remis kämpfen. Wobei man sagen muss, dass seine Aufgabe wesentlich
leichter ist, als die von Schwarz es gewesen ist.} (63. Bxg5 {Man sollte am
besten gleich Remis machen.} Rxg5 64. Rxf7 Rxe5 $11) 63... Rd2+ $1 64. Kc3 Rd7
{Schwarz gewinnt die Qualität.} 65. Bxg5 Rxf7 66. Bf6 Rh7 67. Kb2 Rh3 68. Be7
$1 {Der Läufer steht am besten auf d6, von wo er den Bauern c5 im Visier hat.
Die Stellung ist einfach remis, Schwarz hat auch nicht viel versucht.} Rh2+ 69.
Ka3 Rd2 70. Bd6 Rd3 (70... Rxd6 71. exd6 Kxd6 72. b4 cxb4+ 73. Kxb4 $11) 71.
Bf8 Rd7 72. Bd6 Ra7+ 73. Kb2 Ra5 74. Be7 Ra8 75. Bd6 Rg8 76. Ka3 Rg2 77. Be7
Rc2 78. Bd6 Re2 79. Bb8 Kd7 80. Bd6 Kc6 81. Bb8 Rh2 82. Bd6 Rh8 83. Kb2 Rc8 84.
Ka3 Rd8 85. Be7 1/2-1/2

[Event "Czerniak Memorial 14th"]
[Site "Tel Aviv"]
[Date "1998.04.15"]
[Round "6"]
[White "Kundin, Alexander"]
[Black "Kaspi, Alexander"]
[Result "0-1"]
[WhiteElo "2425"]
[BlackElo "2510"]
[Annotator "Kundin/Huzman"]
[PlyCount "108"]
[EventDate "1998.04.09"]
[EventType "tourn"]
[EventRounds "9"]
[EventCountry "ISR"]
[EventCategory "9"]
[SourceTitle "CBM 065"]
[Source "ChessBase"]
[SourceDate "1998.08.06"]
[SourceVersion "1"]
[SourceVersionDate "1998.08.06"]
[SourceQuality "1"]

1. e4 c5 2. Nf3 d6 3. d4 cxd4 4. Nxd4 Nf6 5. Nc3 a6 6. Be2 e6 7. O-O Be7 8. f4
Nbd7 9. Kh1 O-O 10. Bf3 Qc7 11. Qe1 {[%cal Yf3a8] White is playing a little
awkwardly - instead of the usual a4 and Be3 he tries to prevent black from
advancing its B pawn altogether.Such is possible due to a black's knight
configuration. I consider it best for the black to place the knight on c6
instead of d7,thus the other knight gets the d7 square after g4-g5,and black
can peacefully finish its development by Bd7 and Rc8.Now he finds himself in a
lack of good moves.} Ne8 $6 {This manoeuvre could've been accomplished by
Re8-Bf8-g6,gaining to tempos compared with the game.} (11... b5 $2 12. e5) (
11... Rb8 12. a4 b6 $2 13. e5 dxe5 14. Nc6 $16) (11... Nc5 12. a4 {/\b4!}) (
11... Re8 $142 12. a4 Bf8 {/\g6,Bg7}) 12. a4 Bf6 13. Be3 g6 14. Rd1 Bg7 15. Qh4
$14 Nb6 16. f5 {It is now clear that white succeeded better in coordinating
its pieces.Black has a serious problems to face with.} Nc4 17. Bc1 Qb6 $1 18.
Nb3 Bf6 $1 (18... Bd7 {[%tqu "En","Find a strong move for white...","","",
"f3e2","",30]} 19. Be2 $1 Ne5 (19... Bf6 20. Qh3 Ne5 21. Bh6 $16) 20. f6 $16)
19. Qe1 Bd7 20. Be2 Ne5 21. Bh6 Bg7 22. Qh4 (22. Bxg7 Kxg7 $13) 22... Qd8 $1
23. Bg5 (23. Qxd8 $6 Rxd8 24. Bxg7 Kxg7 {In the ending black has absolutely no
problems,his knight on e5 is dominating the whole board.}) 23... f6 (23... Bf6
24. Bxf6 Qxf6 25. Qxf6 Nxf6 26. fxe6 fxe6 27. Rxd6 $16) 24. Be3 exf5 25. Nd5
Bxa4 $2 {I think that taking even this pawn is an exaggeration.Now white gets
very strong initative and almost winning the game.} (25... fxe4 26. Bb6 Qb8 27.
Qxe4 f5 28. Qh4 $44) 26. exf5 Bxb3 27. cxb3 $16 b5 28. Qe4 $6 $138 (28. fxg6 $1
{White has to open the position for ist bishops.} hxg6 (28... Nxg6 29. Qh3 {
All is left from black's position is a ruins.}) 29. Bg4 $1 {[%cal Yg4e6,Ye6g8]}
f5 30. Bg5 Bf6 31. Nxf6+ Nxf6 32. Bxf5 $1 gxf5 33. Rxf5 $18 {[%cal Yd1f1,Yf1f6]
}) 28... Rc8 29. Nf4 Qe7 30. Bg4 $6 {White gets into an unnecessary
complications during time trouble.This is at least doubtful decision.} (30. Ne6
$16) 30... Qd7 31. Bh3 g5 32. Nd5 $2 $138 {This is a strategic mistake.The
knight should be placed on e6 - the ideal position for him,and other pieces
would be active on the d file.The secret of this position is that if black
succeeds in exchanging white's knight,he'll have a good position - the knight
on e5 will be placed well,and the bishop will defend the king on g7. This
fortress white cannot penetrate without his knight that can jump on e6 or be
sacrificed.After the knights exchange all white's advantage is gone.} (32. Ne6
$1 Rf7 33. Rd2 $16) 32... Qf7 $138 33. g3 Nc7 $1 {Being in time trouble,my
experienced oponent playes very well.} 34. Bg2 Nxd5 35. Rxd5 Rfd8 36. Rfd1 Bf8
$1 $15 {White has run out of threats,and black is seizing the initative.} 37.
h3 Kg7 38. Kh2 Re8 39. Bg1 Rc7 40. Qd4 Rec8 $17 {[%csl Ge5,Gf8] Black pieces
coordinate very well.The rooks are invading to white's camp,whereas the bishop
on f8 and the knight are fullfillinig a defensive role.} 41. Qd2 Rc2 $6 {
Though this move is winning too,Nf3 was simpler.We both blundered this move
after the long timetrouble.} (41... Nf3+ $1 42. Bxf3 Rc2 $138 {White cannot
build any fortress,since black controls the c file.}) 42. Qe3 Rxb2 43. R1d2
Rcc2 44. Rxc2 Rxc2 $19 45. Qe4 Qc7 46. Rd1 Be7 47. Kh1 Rc3 48. Qe1 Rxb3 49. Bd5
Rb2 50. Rc1 Rc2 51. Ra1 Qc8 52. Qe4 Rd2 53. Bd4 b4 54. Bb7 $2 Rxd4 0-1